000 00517nam a22001817a 4500
003 NUST - PNEC
005 20170116181012.0
008 150913b xxu||||| |||| 00| 0 eng d
020 _a0521815363
020 _a0521893518
040 _cLIBRARY
082 _a621.3815 KAP
100 _910240
_aKapalan, Daniel M.
245 _aHands-On Electronics A Practical Introduction to Analog and Digital Circuits
_cDaniel M. Kaplan
260 _cc.2003
650 _910242
_aElectronic circuits
_xEE,EL
942 _2ddc
_cBK
999 _c67127
_d67127